|
|
|
|
| LEADER |
00000nam0a2200000 4500 |
| 001 |
222246 |
| 005 |
20231101230443.0 |
| 010 |
|
|
|a 5785501910
|
| 020 |
|
|
|a RU
|b 90-9398
|
| 035 |
|
|
|a (RuTPU)RU\TPU\book\242430
|
| 090 |
|
|
|a 222246
|
| 100 |
|
|
|a 20120920d1989 m y0rusy5003 ca
|
| 101 |
0 |
|
|a rus
|
| 102 |
|
|
|a BY
|
| 105 |
|
|
|a a z 001zy
|
| 200 |
1 |
|
|a Практикум по атомной физике
|e учебное пособие
|g под ред. Л. И. Киселевского
|
| 210 |
|
|
|a Минск
|c Университетское
|d 1989
|
| 215 |
|
|
|a 175 с.
|c ил.
|d 21 см
|e Прил. (1 л. табл.)
|
| 320 |
|
|
|a Библиогр. в конце кн. (25 назв.)
|
| 606 |
1 |
|
|a Атомная физика
|2 stltpush
|3 (RuTPU)RU\TPU\subj\29674
|9 52952
|
| 610 |
1 |
|
|a практические работы
|
| 610 |
1 |
|
|a атомы
|
| 610 |
1 |
|
|a атомные явления
|
| 610 |
1 |
|
|a ошибки
|
| 610 |
1 |
|
|a постулаты Бора
|
| 610 |
1 |
|
|a квантовая теория атома
|
| 610 |
1 |
|
|a электроны
|
| 610 |
1 |
|
|a дифракция
|
| 610 |
1 |
|
|a магнитный резонанс
|
| 610 |
1 |
|
|a плазма
|
| 610 |
1 |
|
|a зондовые измерения
|
| 610 |
1 |
|
|a зондовые методы
|
| 610 |
1 |
|
|a физические константы
|
| 610 |
1 |
|
|a теория
|
| 675 |
|
|
|a 539.18(076.5)
|z rus
|v 3
|
| 702 |
|
1 |
|a Киселевский
|b Л. И.
|4 340
|
| 801 |
|
0 |
|a RU
|b RuMRKP
|c 19950417
|g psbo
|
| 801 |
|
1 |
|a RU
|b 63413507
|c 20120920
|
| 801 |
|
2 |
|a RU
|b 63413507
|c 20130905
|g RCR
|
| 942 |
|
|
|c BK
|